[Event "Challenge"]
[Site "http://www.queenalice.com/game.php?id=873252"]
[Date "2010.12.17"]
[Round "-"]
[White "pedroingles"]
[Black "Augustocampos"]
[Result "1-0"]
[WhiteElo "1683"]
[BlackElo "1324"]

1. d4 f5 2. c4 Nc6 3. Nc3 Nf6 4. Nf3 a5 5. g3 h5 6. Bg2 Ra6 7. O-O Ng4 8. Bg5 a4
9. Nxa4 d6 10. Nh4 Nxd4 11. Qxd4 Rxa4 12. b3 Rb4 13. Ng6 Rg8 14. Bd5 Ne5 15.
Nxe5 Rh8 16. Nf7 Qd7 17. Nxh8 c5 18. Qh4 e6 19. Qxh5+ g6 20. Qxg6+ Qf7 21. Qxf7#
1-0

[Event "Challenge"]
[Site "http://www.queenalice.com/game.php?id=873253"]
[Date "2010.12.17"]
[Round "-"]
[White "Augustocampos"]
[Black "pedroingles"]
[Result "0-1"]
[WhiteElo "1281"]
[BlackElo "1693"]

1. h4 e5 2. b4 d5 3. d4 Nc6 4. Ba3 Nxd4 5. e3 Nc6 6. b5 Na5 7. Bb2 Bd6 8. Qxd5
Nf6 9. Qf3 Bg4 10. Qf5 Bxf5 11. e4 Bxe4 12. h5 Bxc2 13. Nc3 O-O 14. Nf3 Bb4 15.
Rh4 Re8 16. Rxb4 e4 17. Ng5 c5 18. Ra4 Bxa4 19. Nxa4 b6 20. Rd1 Qc7 21. g3 Qe7
22. Nxh7 Nxh7 23. g4 Rad8 24. Nc3 e3 25. Ke2 Nf6 26. Rd3 Nxg4 27. Kf3 Nh2+ 28.
Kg2 Nxf1 29. a3 e2 30. Nd5 Qe4+ 31. Rf3 Nd2 32. Nc7 Qxf3+ 33. Kh2 Qxh5+ 34. Kg3
e1=Q 35. Nxe8 Qg1+ 36. Kf4 Qxf2# 0-1

[Event "AUTO-OPEN-2358"]
[Site "http://www.queenalice.com/game.php?id=936315"]
[Date "2011.5.10"]
[Round "1"]
[White "johndavidtelker"]
[Black "Augustocampos"]
[Result "1-0"]
[WhiteElo "1663"]
[BlackElo "1275"]

1. d4 h5 2. Nf3 a5 3. g3 c6 4. Bg2 e6 5. c4 Bb4+ 6. Bd2 Nf6 7. Bxb4 axb4 8. O-O
Ne4 9. Qc2 b5 10. cxb5 Nf6 11. bxc6 dxc6 12. Ne5 Na6 13. Bxc6+ Bd7 14. Bxd7+
Nxd7 15. Nxd7 Qxd7 16. e3 Rb8 17. Nd2 Rc8 18. Qd3 Qa4 19. b3 1-0

[Event "AUTO-OPEN-2358"]
[Site "http://www.queenalice.com/game.php?id=936316"]
[Date "2011.5.10"]
[Round "1"]
[White "Augustocampos"]
[Black "johndavidtelker"]
[Result "0-1"]
[WhiteElo "1277"]
[BlackElo "1661"]

1. h4 d5 2. Nc3 Nf6 3. b4 e5 4. Ba3 a5 5. d3 axb4 6. Bb2 bxc3 7. Bxc3 Nc6 8. Nf3
Bd6 9. d4 e4 10. Ng5 h6 11. Nh3 O-O 12. f3 Bf5 13. fxe4 dxe4 14. Rb1 b6 15. a4
Nd5 16. Bd2 Nxd4 17. e3 Ne6 18. Rb5 c6 0-1

[Event "AUTO-OPEN-2358"]
[Site "http://www.queenalice.com/game.php?id=936345"]
[Date "2011.5.10"]
[Round "1"]
[White "Augustocampos"]
[Black "attachui"]
[Result "0-1"]
[WhiteElo "1269"]
[BlackElo "2122"]

1. a4 d5 2. Nf3 Nf6 3. b3 c5 4. e3 g6 5. Ne5 Bg7 6. b4 Qd6 7. Nf3 Ne4 8. Ra3
cxb4 9. Rb3 Be6 10. h4 Nc6 11. Bd3 Nxf2 0-1

[Event "AUTO-OPEN-2358"]
[Site "http://www.queenalice.com/game.php?id=936346"]
[Date "2011.5.10"]
[Round "1"]
[White "attachui"]
[Black "Augustocampos"]
[Result "1-0"]
[WhiteElo "2121"]
[BlackElo "1271"]

1. d4 a5 2. e4 Ra6 3. Bxa6 Nxa6 4. Nc3 h6 5. Nf3 c6 6. d5 cxd5 7. Nxd5 e6 8. Nc3
h5 9. Bf4 Nf6 10. O-O g5 11. Bxg5 1-0

[Event "AUTO-OPEN-2358"]
[Site "http://www.queenalice.com/game.php?id=936347"]
[Date "2011.5.10"]
[Round "1"]
[White "Augustocampos"]
[Black "EdsonEstevam"]
[Result "0-1"]
[WhiteElo "1273"]
[BlackElo "1823"]

1. h4 d5 2. Rh3 e5 3. b4 Bxb4 4. Rb3 Nc6 5. c3 Bc5 6. a4 Nf6 7. Rb5 Ne4 8. Rxc5
Nxc5 9. Nf3 O-O 10. d4 e4 11. Ne5 Nxe5 12. Ba3 b6 13. dxe5 Qxh4 14. a5 Rd8 15.
g3 Qh1 0-1

[Event "AUTO-OPEN-2358"]
[Site "http://www.queenalice.com/game.php?id=936348"]
[Date "2011.5.10"]
[Round "1"]
[White "EdsonEstevam"]
[Black "Augustocampos"]
[Result "1-0"]
[WhiteElo "1761"]
[BlackElo "1279"]

1. e4 a5 2. d4 g5 3. Bxg5 h6 4. Bh4 Ra6 5. Bxa6 bxa6 6. Nf3 Nc6 7. O-O Bg7 8.
Nc3 f6 9. a3 h5 10. d5 Ne5 11. Nxe5 fxe5 12. a4 c5 13. d6 Nf6 14. Bxf6 1-0

[Event "AUTO-INT-2093"]
[Site "http://www.queenalice.com/game.php?id=963028"]
[Date "2011.7.21"]
[Round "1"]
[White "santiaguinoazul"]
[Black "Augustocampos"]
[Result "1-0"]
[WhiteElo "1741"]
[BlackElo "1317"]

1. e4 b5 2. Nc3 Ba6 3. Nf3 Nh6 4. d4 Nc6 5. Bf4 Rg8 6. d5 Nb4 7. Nd4 g5 8. Be3
g4 9. Bxb5 e5 10. Nf5 Qc8 11. Bxh6 Bxh6 12. Nxh6 1-0

[Event "AUTO-INT-2093"]
[Site "http://www.queenalice.com/game.php?id=963029"]
[Date "2011.7.21"]
[Round "1"]
[White "Augustocampos"]
[Black "santiaguinoazul"]
[Result "0-1"]
[WhiteElo "1315"]
[BlackElo "1743"]

1. b4 e5 2. Ba3 Nf6 3. Nc3 d5 4. g3 d4 5. Nb1 Be6 6. h4 Bd6 7. Nf3 Bg4 8. Ng5
O-O 9. h5 Nxh5 10. Ne4 Nc6 11. f3 Be6 0-1